000
00321pab a2200133 454500
008
180718b2002 xxu||||| |||| 00| 0 eng d
100
_a
Harfield, Clive
245
_a
Issues in transatlantic police cooperation
260
_c
2002
300
_a
p.204-22.
650
_a
Police
773
_a
Police Journal
909
_a
54650
999
_c
54650
_d
54650